Statistics for AK’s General Knowledge A-Z #14

Click here to take the quiz!

General Stats

  • This quiz has been taken 456 times
  • The average score is 17 of 26

Answer Stats

HintAnswer% Correct
E – 2011 hit by Katy Perry ft. Kanye West, or the cute alien who phoned home and was later picked up by his folkE.T.
92%
K – Mortal _____, a fantasy-themed fighting gameKombat
89%
I – the only country in the world that has no mosquitosIceland
87%
L – Hunger Games star Jennifer, or the river that flows through Montreal (Saint _____)Lawrence
87%
W – two of these don't make a rightWrongs
85%
G – a gravitationally bound system of stars, stellar remnants, interstellar gas, dust and dark matterGalaxy
84%
R – Morgan Freeman’s role in “The Shawshank Redemption”; does not describe the colour of his hairRed
84%
J – global manufacturer and distributor of branded baths and hot tubs; the name is used as a genericized trademark to describe hot tubsJacuzzi
83%
Q – a sanitary measure to prevent the spread of a contagious disease; the word comes from “forty days” in VenetianQuarantine
82%
A – A in NATOAtlantic
79%
U – Scotland's national "animal"Unicorn
78%
H – a person suffering from acrophobia is afraid of …Heights
77%
N – to cut in a minor way, or first name of English writer Hornby (“About a Boy”, “High Fidelity”)Nick
75%
C – an accusation, or to juice up one’s phoneCharge
73%
T – a character in Truman Capote’s “Breakfast at Tiffany’s”; about 20 years later her namesake became British Prime MinisterMargaret Thatcher
70%
D – this British TV series about the Crawley family and their domestic servants is shown in over 220 countries and territoriesDownton Abbey
69%
Y – I (first person) in SpanishYo
64%
B – freshwater lake that contains more water than all of the North American Great Lakes combinedBaikal
60%
M – Ecatepec and León are among the largest cities in this countryMexico
57%
V – a closely woven fabric; is black for Alannah MylesVelvet
56%
P – country where Port Moresby is the capitalPapua New Guinea
51%
S – Ioseb Besarionis dzе Jughashvili, who started to use a name that means “Man of Steel” and was Time magazine’s "Man of the Year" in 1942Joseph Stalin
50%
F – globally, the third most popular sport by size of fan base; team includes ten field players and a goalkeeperField hockey
41%
O – six-time German Olympic swimming champion Kristin, or three-time Holy Roman EmperorOtto
26%
X – food additive and sugar substitute that may promote better dental healthXylitol
14%
Z – Carlos Ruiz _____, author of “The Shadow of the Wind”Zafón
6%

Score Distribution

Percentile by Number Answered

Percent of People with Each Score

Your Score History

You have not taken this quiz